Statistiken für Top 15 bundesliga scorer 2021-2022

Klicken Sie hier um das Quiz zu spielen!

Allgemein

  • Dieses Quiz wurde 113 mal gespielt
  • Das Durchschnittsergebnis liegt bei 8 aus 15

Antwortstatistiken

HintAntwort% Korrekt
39Lewandowski
97%
26Müller
92%
30Haaland
87%
36Nkunku
79%
19Gnabry
76%
25Reus
70%
28Schick
61%
25Diaby
37%
24Modest
30%
17Grifo
29%
18Wirtz
28%
17Brandt
25%
17Hofmann
24%
19Kruse
16%
16Awoniyi
11%

Verteilung der Resultate

Perzentil nach korrekt beantworteten Fragen

Anzahl Personen mit jedem Resultat

Ihre Resultats-Entwicklung

Sie haben dieses Quiz noch nicht gespielt